| 000 | 00622nam a2200205 a 4500 | ||
|---|---|---|---|
| 005 | 20210219153417.0 | ||
| 008 | 991125n 000 0 spa u | ||
| 035 | _aUPN01000097602 | ||
| 222 | _aCUADERNOS DE PEDAGOGIA | ||
| 245 | _a¿ Una respuesta a la marginación juvenil ? : el papel de la acción tutorial / María Dolores Armas Donate... [et al.] | ||
| 260 | _aBARCELONA, ESPAÑA | ||
| 300 | _a42-44 | ||
| 362 | _a1997 No. 254, ene. | ||
| 653 | 0 | _aMARGINACION JUVENIL | |
| 653 | 0 | _aTUTOR | |
| 653 | 0 | _aTUTORIA | |
| 700 | _aARMAS DONATE, Maria Dolores, coaut. | ||
| 904 |
_aAC _b035413 |
||
| 905 | _aArticulo | ||
| 999 |
_c76243 _d76243 |
||